Ietihaasik Sankirna Saahitya (Record no. 346438)
[ view plain ]
| 000 -LEADER | |
|---|---|
| fixed length control field | 004490000a22001690004500 |
| 005 - DATE AND TIME OF LATEST TRANSACTION | |
| control field | 20120302054727.0 |
| 040 ## - CATALOGING SOURCE | |
| Original cataloging agency | MAR |
| 245 ## - TITLE STATEMENT | |
| Title | Ietihaasik Sankirna Saahitya |
| 260 ## - PUBLICATION, DISTRIBUTION, ETC. (IMPRINT) | |
| Place of publication, distribution, etc | Pune:Sardar Gangaadharrao Narayanrao Mujumdar,1947. |
| 300 ## - PHYSICAL DESCRIPTION | |
| Extent | 72p. |
| 365 ## - TRADE PRICE | |
| Price amount | 2/- |
| 490 ## - SERIES STATEMENT | |
| Series statement | Bharat-Itihaas Sanshodhak Mandal Granthmaalaa-68. |
| 650 ## - SUBJECT ADDED ENTRY--TOPICAL TERM | |
| Topical term or geographic name as entry element | Itihaas |
| 650 ## - SUBJECT ADDED ENTRY--TOPICAL TERM | |
| Topical term or geographic name as entry element | Maratha-Itihaas |
| 650 ## - SUBJECT ADDED ENTRY--TOPICAL TERM | |
| Topical term or geographic name as entry element | Ietihaasik Sankirna Saahitya |
| 942 ## - ADDED ENTRY ELEMENTS (KOHA) | |
| Koha item type | Book |
| Withdrawn status | Lost status | Damaged status | Not for loan | Home library | Current library | Date acquired | Total Checkouts | Barcode | Date last seen | Price effective from |
|---|---|---|---|---|---|---|---|---|---|---|
| Institute For Oriental Study, Thane | Institute For Oriental Study, Thane | 12/02/2009 | IOS-2764 | 12/02/2009 | 12/02/2009 |